00486nam a2200157 i 450000100060000000300090000600500170001500700030003200800410003510000210007624500850009726000580018230000210024065100360026185200310029787435ES-MaACL20230906175654.0t|041221s1958 sp ||||1| ger d1 aKucera, Enrique.14aEin fürstentüm im Herzen der Pyrenäen b: Andorra / cvon Heinrich Kucera. aBarcelona : bEnrique Kucera, c[1958] (fS.A.D.A.G.) a63 p. ; c14 cm. 4aAndorra-vGuías turísticas. aES-MaACLjD-8376 bR.42450